| 000 | 02270nam0a2200397 i 4500 | ||
|---|---|---|---|
| 001 | RU\NLR\BIBL_A\010841933 | ||
| 005 | 20260503055806.0 | ||
| 010 |
_a9785703210345 _9100 |
||
| 021 |
_aRU _b2015-57488 _93403 |
||
| 035 | _a(NILC)RuMoRGB-007987243 | ||
| 035 | _a(NLR Aleph) 010841933 | ||
| 090 |
_a10331837 _c10331837 |
||
| 100 | _a20150916d2015 um y0rusy50 ca | ||
| 101 | 0 | _arus | |
| 102 | _aRU | ||
| 105 | _aac||ca||011yd | ||
| 200 | 1 |
_aИдущий впереди _eк 65-летию ректора Нижегородской гос. мед. акад. профессора Бориса Евгеньевича Шахова _eбиобиблиографический указатель _fНижегородская гос. мед. акад., Науч.б-ка _g[сост.: Т. А. Андреева, С. В. Петрова] _gпод ред. Н. Г. Краюшкиной |
|
| 210 |
_aНижний Новгород _cИзд-во НижГМА _d2015 |
||
| 215 |
_a97 с. _cцв. ил., портр. _d20 |
||
| 320 | _aАлф. указ. влюч. науч. работ: с. 70-86 | ||
| 320 | _aАлф. указ. ст., опубл. в рубеж. период. изд.: с. 87-89 | ||
| 320 | _aАлф. указ. соавт.: с. 90-96 | ||
| 600 | 1 |
_aШахов _bБ. Е. _f1950 - _gБорис Евгеньевич _jБиобиблиография _92262783 _3RU\NLR\AUTH\6601586341 |
|
| 675 | _a614 | ||
| 686 | 1 | _aЧ488.94(2Р)7-8Шахов.я1 | |
| 702 | 1 |
_4220 _7ca _8rus _aАндреева _bТ. А. _cбиблиогаф _gТатьяна Анатольевна _9152403 _3RU\NLR\AUTH\770152441 |
|
| 702 | 1 |
_4340 _7ca _8rus _aКраюшкина _bН. Г. _cбиблиограф _gНаталья Геннадьевна _9132089 _3RU\NLR\AUTH\770132123 |
|
| 702 | 1 |
_aШахов _bБ. Е. _f1950- _gБорис Евгеньевич _4570 |
|
| 712 | 0 | 2 |
_4570 _aНижегородская государственная медицинская академия _bНаучная библиотека _9387927 _3RU\NLR\AUTH\880360396 |
| 801 | 0 |
_aRU _bРГБ _c20150730 _gRCR |
|
| 801 | 1 |
_aRU _bРГБ _c20150730 _2rusmarc |
|
| 942 | _cBOOK | ||
| 980 | _aNBR | ||